logo

Bir Sreshtho Munshi Abdur Rouf Library
Jhenaidah Cadet College

সাধারণ লোকের কাহিনী / (Record no. 1782)

MARC details
000 -LEADER
fixed length control field 00622nam a2200217 a 4500
001 - CONTROL NUMBER
JCCL Control Number 1782
003 - CONTROL NUMBER IDENTIFIER
JCCL marc code BD-JhCC
005 - DATE AND TIME OF LATEST TRANSACTION
control field 20171024164540.0
008 - FIXED-LENGTH DATA ELEMENTS--GENERAL INFORMATION
fixed length control field 171024s1981 bg |||| ||a| 000 0 ben d
035 ## - SYSTEM CONTROL NUMBER
system control number (BD-JhCC)1782
040 ## - CATALOGING SOURCE
Original cataloging agency BD-JhCC
Modifying agency BD-JhCC
041 ## - LANGUAGE CODE
Language code of Book ben
082 ## - DEWEY DECIMAL CLASSIFICATION NUMBER
Classification number 891.443
Author mark and Year KAR 1981
100 ## - MAIN ENTRY--PERSONAL NAME
Personal name করীম, রশীদ
245 ## - TITLE STATEMENT
Title সাধারণ লোকের কাহিনী /
Statement of responsibility, etc রশীদ করীম
260 ## - PUBLICATION, DISTRIBUTION, ETC. (IMPRINT)
Place of publication, distribution, etc ঢাকা :
Name of publisher, distributor, etc সাহিত্য প্রকাশ,
Date of publication, distribution, etc 1981.
300 ## - PHYSICAL DESCRIPTION
Pagination 135 p. :
Dimensions 21 cm.
650 ## - SUBJECT ADDED ENTRY--TOPICAL TERM
Topical term or geographic name as entry element Bengali Novel
942 ## - ADDED ENTRY ELEMENTS (KOHA)
Source of classification or shelving scheme Dewey Decimal Classification
Koha item type Books
Holdings
Source of classification or shelving scheme Damaged status Not for loan Home library Current library Shelving location Date of accession Source of acquisition Cost, normal purchase price Total Checkouts Full call number Barcode Date last seen Date checked out Copy number Koha item type
Dewey Decimal Classification     JCC Rouf Library JCC Rouf Library General Stacks 10/24/2017 Zahedee Foundation 90.00 1 891.443 KAR 1981 2598 02/10/2025 02/10/2025 C-1 Books
Dewey Decimal Classification     JCC Rouf Library JCC Rouf Library   11/08/2017       891.443 KAR 1981 4603 11/08/2017   C-2 Books

JCC Library | Contacts | JCC Home

Last Update on 23 September 2017
Copyright @ 2017-2020 JCC Rouf Library
Rouf Library, Jhenidah Cadet College (JCC), Bangladesh